Árbol Genealógico de la Familia Potter - Estadísticas

Estadísticas generales
  • Esta prueba ha sido intentada 12 veces
  • La puntuación promedio es 20 de 49
Estadísticas de respuestas
Familia Parentesco Nombre % Correcto
Weasley Cuñado Ron Weasley
100%
Weasley Cuñado Fred Weasley
90%
Weasley Sobrino Fred Weasley
90%
Granger Cuñada Hermione Granger
90%
Evans Madre Lily Evans
90%
Weasley Suegro Arthur Weasley
80%
Weasley Cuñado Bill Weasley
80%
Weasley Cuñado George Weasley
80%
Weasley Esposa Ginny Weasley
80%
Potter Él mismo Harry Potter
80%
Potter Padre James Potter
80%
Ryddle Primo Lejano Tom Ryddle
80%
Delacour Cuñada Fleur Delacour
70%
Prewett Suegra Molly Prewett
70%
Weasley Sobrina Molly Weasley
70%
Weasley Cuñado Percy Weasley
70%
Potter Hijo Albus Severus Potter
60%
Jhonson Cuñada Angelina Jhonson
60%
Weasley Cuñado Charlie Weasley
60%
Granger-Weasley Sobrino Hugo Granger-Weasley
60%
Potter Hijo James Sirius Potter
60%
Evans Tía Materna Petunia Evans
60%
Dursley Tío Materno Vernon Dursley
60%
Dursley Primo Materno Dudley Dursley
50%
Potter Hija Lily Luna Potter
40%
Granger-Weasley Sobrina Rose Granger-Weasley
30%
Peverell Antepasado Paterno Ignotus Peverell
20%
Weasley Sobrina Lucy Weasley
20%
Gaunt Primo Lejano Sorvolo Gaunt
20%
Peverell Antepasado Paterno Cadmus Peverell
10%
Weasley Sobrina Dominique Weasley
10%
Weasley Sobrino Louis Weasley
10%
Gaunt Prima Lejana Merope Gaunt
10%
Weasley Sobrina Roxanne Weasley
10%
Weasley Sobrina Victorie Weasley
10%
Potter Antepasado Paterno Abraham Potter
0%
Peverell Antepasado Paterno Antioch Peverell
0%
Desconocida Cuñada Audrey
0%
Black Abuela Política Cedrella Black
0%
Gaunt Primo Lejano Corvinus Gaunt
0%
Potter Abuela Paterna Euphemia Potter
0%
Potter Abuelo Paterno Fleamont Potter
0%
Potter Antepasado Paterno Hardwin Potter
0%
Potter Bisabuelo Paterno Henry Potter
0%
Peverell Antepasada Paterna Iolanthe Peverell
0%
Potter Antepasado Paterno Linfred de Stinchcombe
0%
Gaunt Primo Lejano Morfin Gaunt
0%
Weasley Abuelo Político Septimus Weasley
0%
Ryddle Primo Lejano Tom Sorvolo Ryddle
0%
No se encontraron pruebas coincidentes
Distribución de puntuación
Porcentaje de gente con cada puntuación
Porcentaje por número respondido
Historial de tus puntuaciones
No has intentado esta prueba.